LEADER 01227nam a2200253 i 4500 001 000000221197 003 CaOOAMICUS 005 20130626000000.0 008 130626s1980 it u000 u ita u 013 $a200094 040 $aSeMil$bita 100 1 $aBeretta, Claudio.$0(OLS)http://semarc/name/64765 245 10$aContributo per una grammatica del milanese contemporaneo /$cClaudio Beretta ; sotto gli auspici del Comitato per il vocabolario italiano-milanese e della Accademia del dialetto milanese. 260 $aMilano :$bVirgilio,$c1980. 300 $aLXII, 238 p. ;$c21 cm. 490 0 $aEdizioni del Circolo filologico milanese 650 4$aDialetti italiani - Lombardia - Milano.$0(OLS)http://semarc/subject/6945 700 1 $aAccademia del dialetto milanese.$0(OLS)http://semarc/name/77435 830 0$aEdizioni del Circolo filologico milanese.$0(OLS)http://semarc/title/38887 850 $aSeMil 852 $aSeMil$W1$xVenegono$y1$m1O III 45$j171548$B171548$CSeMilBibl$Z2$F187157 $81 961 $aLascito: Schieppati don Giorgio 996 $6245$aContributo per una grammatica del milanese contemporaneo$9(OLS)http://semarc/title/317125 996 $6260$aMilano :$bVirgilio$9(OLS)http://semarc/publisher/37826 LEADER 00618nam a2200169 i 4500 001 000000019303 003 CaOOAMICUS 005 20180830125444.0 008 180830n it u000 u ita u 040 $aSeMil$bita 245 10$aOpere complete di F. Orestano. 260 $aMilano :$bFratelli Bocca,$c[194?] 300 $av. ;$c21 cm. 700 1 $aSpirito, Franca.$0(OLS)http://semarc/name/8620 774 0 $tPensieri.$b7. edizione riveduta e accresciuta.$gVol.16$w()170186 996 $6245$aOpere complete di F. Orestano$9(OLS)http://semarc/title/25381 996 $6260$aMilano :$bFratelli Bocca$9(OLS)http://semarc/publisher/32243